000 00616nam a2200241Ia 4500
001 1108
003 GE_BSU
008 181216s||||||||xx |||||||||||||| ||und||
020 _a5060033562
040 _cGE_BSU
080 _a82.0(075.8)
100 _aХализаев,В.Е.
245 _aТеория литературы
245 _bДля студ. высш. учебн. завед.
250 _a2-е изд.
260 _aМосква
260 _bВысшая школа
260 _c2000
300 _a398стр.
541 _h12л.
653 _aТеория литературы
942 _cBK
999 _c35259
_d35259